| 000 | 01232cam a22003735a 4500 | ||
|---|---|---|---|
| 001 | 18151844 | ||
| 003 | EG-ScBUE | ||
| 005 | 20220608115330.0 | ||
| 006 | m||||fq||i 00| 0 | ||
| 008 | 140514r20172013enk f 000 0 eng d | ||
| 020 | _a0194001822 | ||
| 020 | _a9780194001793 | ||
| 040 |
_aDLC _beng _erda _cDLC _dEG-ScBUE |
||
| 082 | 0 | 4 |
_a428.24 _bDEC _222 |
| 100 | 1 |
_aDe Chazal, Edward, _eauthor. |
|
| 245 | 1 | 0 |
_aOxford EAP : _ba course in English for academic purposes : advanced, C1 / _cEdward De Chazal, Julie Moore. |
| 250 | _aReprinted edition. | ||
| 264 | 1 |
_aOxford : _bOxford University Press, _c2017. |
|
| 300 |
_a239 pages ; _c24 cm + _e1 DVD |
||
| 336 |
_2rdacontent _atext _btxt |
||
| 336 |
_2rdacontent _aspoken word _bspw |
||
| 337 |
_2rdamedia _aunmediated _bn |
||
| 337 |
_2rdamedia _avideo _bv |
||
| 338 |
_2rdacarrier _avolume _bnc |
||
| 338 |
_2rdacarrier _acomputer disc _bcd |
||
| 650 | 7 |
_aEnglish language _vTextbooks for foreign speakers _2BUEsh |
|
| 651 | _2BUEsh | ||
| 653 |
_cMarch2015 _bHHUUEENN |
||
| 655 |
_vReading book _934232 |
||
| 700 | 1 |
_aMoore, Julie, _eauthor. |
|
| 906 |
_a0 _bibc _corigres _d2 _encip _f20 _gy-gencatlg |
||
| 942 |
_2ddc _k428.24 DEC _cBB |
||
| 999 |
_c19093 _d19065 |
||